书目信息 |
| 题名: |
逃生大本营
|
|
| 作者: | 陈靖昕 著 | |
| 分册: | ||
| 出版信息: | 北京 中央编译出版社 2016 |
|
| 页数: | 300页 | |
| 开本: | 24cm | |
| 丛书名: | ||
| 单 册: | ||
| 中图分类: | X925-49 | |
| 科图分类: | ||
| 主题词: | 安全教育--少年读物 | |
| 电子资源: | ||
| ISBN: | 978-7-5117-2978-1 | |
| 000 | 00928nam0 2200241 450 | |
| 001 | 3647 | |
| 005 | 20160927091851.62 | |
| 010 | @a978-7-5117-2978-1@b平装@dCNY38.00 | |
| 100 | @a20160606d2016 em y0chiy50 ea | |
| 101 | 0 | @achi |
| 102 | @aCN@b110000 | |
| 105 | @ay z 000yy | |
| 200 | 1 | @a逃生大本营@9tao sheng da ben ying@e防止孩子发生意外101招@f陈靖昕著 |
| 210 | @a北京@c中央编译出版社@d2016 | |
| 215 | @a300页@d24cm | |
| 314 | @a陈靖昕,有两份事业,一份是教师,一份是妈妈。 | |
| 330 | @a本书系统地、科学地从家居安全、交通安全、火灾、水灾、户外活动、社会恶性事件、校园安全等方面对安全教育所涵盖的主要内容做了全面、详尽、科学、完备的阐述,语言生动、活泼,可读性强。 | |
| 517 | 1 | @a防止孩子发生意外101招@9fang zhi hai zi fa sheng yi wai 101 zhao |
| 606 | 0 | @a安全教育@j少年读物 |
| 690 | @aX925-49@v5 | |
| 701 | 0 | @a陈靖昕@9chen jing xin@4著 |
| 801 | 0 | @aCN@b唐山师范学院图书馆@c20151001 |
| 905 | @aZUCC@dX925-49@e28 | |
| 逃生大本营:防止孩子发生意外101招/陈靖昕著.-北京:中央编译出版社,2016 |
| 300页;24cm |
| ISBN 978-7-5117-2978-1(平装):CNY38.00 |
| 本书系统地、科学地从家居安全、交通安全、火灾、水灾、户外活动、社会恶性事件、校园安全等方面对安全教育所涵盖的主要内容做了全面、详尽、科学、完备的阐述,语言生动、活泼,可读性强。 |
| ● |
| 相关链接 |
|
|
|
|
正题名:逃生大本营
索取号:X925-49/28
 
预约/预借
| 序号 | 登录号 | 条形码 | 馆藏地/架位号 | 状态 | 备注 |
| 1 | 906370 | 209063706 | 第二样本阅览室/ [索取号:X925-49/28] | 在馆 | |
| 2 | 906371 | 209063715 | 第三借阅区/ [索取号:X925-49/28] | 在馆 | |
| 3 | 906372 | 209063724 | 第三借阅区/ [索取号:X925-49/28] | 在馆 | |
| 4 | 906373 | 209063733 | 第三借阅区/ [索取号:X925-49/28] | 在馆 | |
| 5 | 906374 | 209063742 | 第三借阅区/ [索取号:X925-49/28] | 在馆 |